[Event "SV Bottrop 1 - SG Bochum 3"]
[Site "Verbandsliga - Gruppe 1 2018/"]
[Date "2019.05.05"]
[Round "9.8"]
[White "Tochtrop, Lothar"]
[Black "Illner, Ben"]
[Result "1-0"]
[WhiteElo "1786"]
[BlackElo "955"]
[PlyCount "45"]
[EventDate "2019.??.??"]

1. e4 e5 2. Nf3 Nc6 3. d4 Bb4+ 4. c3 Bd6 5. Bc4 Nf6 6. Bg5 O-O 7. O-O Be7 8. d5
Na5 9. Bd3 b6 10. Nxe5 d6 11. Nf3 c6 12. b4 Nb7 13. dxc6 h6 14. cxb7 Bxb7 15.
Bxf6 Bxf6 16. Qb3 d5 17. e5 Be7 18. Na3 Qc7 19. Nb5 Qd7 20. Nbd4 Qg4 21. h3 Qf4
22. g3 Qxd4 23. Nxd4 1-0

[Event "SF Essen-Katernberg  3 - Dortmunder SV "]
[Site "Verbandsliga - Gruppe 2 2018/"]
[Date "2019.05.05"]
[Round "9.1"]
[White "Wichtrup, Jan-Louis"]
[Black "Nautsch, Werner"]
[Result "1-0"]
[WhiteElo "2034"]
[BlackElo "2013"]
[PlyCount "73"]
[EventDate "2019.??.??"]

1. d4 d5 2. c4 c6 3. cxd5 cxd5 4. Nc3 Nf6 5. Bf4 Bd7 6. e3 e6 7. Bd3 Be7 8. Nf3
O-O 9. O-O Nc6 10. h3 a6 11. Qe2 Rc8 12. Rfc1 Nh5 13. Bh2 g6 14. a3 Na5 15. Nd2
b5 16. b4 Nc4 17. Nb3 Nxa3 18. Rxa3 Bxb4 19. Rxa6 Rxc3 20. Rxc3 Bxc3 21. Bxb5
Bxb5 22. Qxb5 Nf6 23. Nc5 Ne4 24. Nxe4 dxe4 25. Bd6 Re8 26. Rc6 Ba5 27. Ra6 Be1
28. Rb6 Qa8 29. Kf1 Bd2 30. Ke2 Bc3 31. Ra6 Qd8 32. Ra3 Qc8 33. Rxc3 Qxc3 34.
Qxe8+ Kg7 35. Bf8+ Kf6 36. Qe7+ Kf5 37. g4# 1-0

[Event "SF Essen-Katernberg  3 - Dortmunder SV "]
[Site "Verbandsliga - Gruppe 2 2018/"]
[Date "2019.05.05"]
[Round "9.2"]
[White "Geerlings, Gerd"]
[Black "Zeldin, Leonid"]
[Result "1/2-1/2"]
[WhiteElo "1998"]
[BlackElo "2057"]
[PlyCount "56"]
[EventDate "2019.??.??"]

1. Nf3 Nf6 2. c4 d5 3. cxd5 Nxd5 4. Nc3 g6 5. g3 Bg7 6. Bg2 O-O 7. O-O c6 8. d4
Nd7 9. e4 Nxc3 10. bxc3 e5 11. Rb1 Qa5 12. Qb3 Nb6 13. Bd2 Qa6 14. Nxe5 Bxe5
15. dxe5 Be6 16. Qb4 Qxa2 17. Bh6 Rfe8 18. Rfd1 Qc4 19. Qa3 Qe2 20. Qc1 Qh5 21.
Bg5 Bg4 22. Rd4 c5 23. Rd3 Be2 24. Re3 Qxg5 25. Rxe2 Qxc1+ 26. Rxc1 Rxe5 27. f4
Re7 28. Ra1 a6 1/2-1/2

[Event "SF Essen-Katernberg  3 - Dortmunder SV "]
[Site "Verbandsliga - Gruppe 2 2018/"]
[Date "2019.05.05"]
[Round "9.3"]
[White "Wittmann, Rainer"]
[Black "Riesenbeck, Juergen"]
[Result "0-1"]
[WhiteElo "1995"]
[BlackElo "1985"]
[PlyCount "68"]
[EventDate "2019.??.??"]

1. e4 e6 2. Nf3 d5 3. e5 c5 4. b4 cxb4 5. d4 Nc6 6. a3 Bd7 7. axb4 Bxb4+ 8. c3
Be7 9. Bd3 g5 10. h4 g4 11. Ng1 h5 12. g3 Qc7 13. Ne2 O-O-O 14. Na3 a6 15. O-O
f6 16. Nf4 fxe5 17. Ng6 Nf6 18. Nxe5 Nxe5 19. dxe5 Ne4 20. Bf4 Bc6 21. Qe1 Nc5
22. Bc2 b5 23. Qe3 Bb7 24. Rfd1 Nd7 25. Bb3 Bc5 26. Rd4 Bxd4 27. cxd4 Kb8 28.
Nc2 Rc8 29. Nb4 Qc3 30. Qxc3 Rxc3 31. Bxd5 Bxd5 32. Nxd5 exd5 33. e6+ Kb7 34.
exd7 Rd8 0-1

[Event "SF Essen-Katernberg  3 - Dortmunder SV "]
[Site "Verbandsliga - Gruppe 2 2018/"]
[Date "2019.05.05"]
[Round "9.4"]
[White "Stremmel, Ralf"]
[Black "Huettemann, Karl-Heinz"]
[Result "1/2-1/2"]
[WhiteElo "2045"]
[BlackElo "2013"]
[Annotator "Daniel"]
[PlyCount "47"]
[EventDate "2019.??.??"]

1. e4 c5 2. Nc3 Nc6 3. f4 d6 4. Bb5 Bd7 5. Bxc6 Bxc6 6. Nf3 Nf6 7. d3 g6 8. O-O
Bg7 9. Qe1 Qd7 10. Kh1 b6 $11 11. a3 Rc8 12. h3 h5 13. Ng5 Nh7 14. Nxh7 Rxh7
15. f5 gxf5 16. Rxf5 Bxc3 17. bxc3 Qe6 18. c4 Kd7 19. a4 a5 20. Qe2 Rg8 21. Bb2
f6 22. Bc3 Kc7 23. Qd2 Ra8 24. Qc1 1/2-1/2

[Event "SF Essen-Katernberg  3 - Dortmunder SV "]
[Site "Verbandsliga - Gruppe 2 2018/"]
[Date "2019.05.05"]
[Round "9.5"]
[White "Canzler, Harald"]
[Black "Gehrmann, Ulrich"]
[Result "1-0"]
[WhiteElo "1967"]
[BlackElo "1966"]
[Annotator "Daniel"]
[PlyCount "63"]
[EventDate "2019.??.??"]

1. Nf3 d5 2. g3 Nc6 3. Bg2 e5 4. d3 Nf6 5. O-O Be7 6. c3 a5 7. Qc2 O-O 8. e4
dxe4 9. dxe4 Bc5 10. Nbd2 Be6 11. h3 h6 12. Nh4 $11 Nh5 13. Kh2 Qf6 14. Nf5 Ne7
15. Nxe7+ Qxe7 16. Nf3 Bc4 17. Re1 Rfd8 18. Bf1 Bxf1 19. Rxf1 Qe6 20. b3 Rd7
21. Bb2 Rad8 22. Kg2 Nf6 23. Rfe1 Nh7 24. Rad1 Ng5 25. Nxg5 hxg5 26. Qe2 Qb6
27. Rxd7 Rxd7 28. Rd1 Rxd1 29. Qxd1 Bxf2 30. Qd8+ Kh7 31. Qxg5 Qe3 32. Qf5+ 1-0

[Event "SF Essen-Katernberg  3 - Dortmunder SV "]
[Site "Verbandsliga - Gruppe 2 2018/"]
[Date "2019.05.05"]
[Round "9.6"]
[White "Sauer, Bernd"]
[Black "Brockmann, Fabian"]
[Result "1/2-1/2"]
[WhiteElo "1952"]
[BlackElo "1948"]
[PlyCount "62"]
[EventDate "2019.??.??"]

1. d4 Nf6 2. c4 c5 3. d5 b5 4. cxb5 a6 5. bxa6 g6 6. Nc3 Bxa6 7. e4 Bxf1 8.
Kxf1 d6 9. g3 Bg7 10. Kg2 O-O 11. Nf3 Nbd7 12. h3 Qc7 13. Re1 Rfb8 14. Qe2 Qb7
15. Qc4 Nb6 16. Qb5 Qa6 17. Qxa6 Rxa6 18. Nd2 Nfd7 19. f4 Na4 20. Nxa4 Rxa4 21.
e5 dxe5 22. b3 Rd4 23. Nc4 Rxd5 24. fxe5 Nb6 25. Nxb6 Rxb6 26. Bf4 Re6 27. Rad1
Rxd1 28. Rxd1 Bxe5 29. Re1 f6 30. Bxe5 fxe5 31. Rc1 Ra6 1/2-1/2

[Event "SF Essen-Katernberg  3 - Dortmunder SV "]
[Site "Verbandsliga - Gruppe 2 2018/"]
[Date "2019.05.05"]
[Round "9.7"]
[White "Wolff, Torsten"]
[Black "Mamikonyan, Davit"]
[Result "1-0"]
[WhiteElo "1859"]
[BlackElo "1784"]
[PlyCount "109"]
[EventDate "2019.??.??"]

1. d4 d5 2. c4 e5 3. dxe5 d4 4. Nf3 Nc6 5. a3 Nge7 6. b4 Bg4 7. Bb2 Bxf3 8.
exf3 Ng6 9. Bd3 Qg5 10. g3 Qxe5+ 11. Kf1 O-O-O 12. f4 Qe8 13. Qa4 Qd7 14. h3
Bd6 15. c5 Bxf4 16. Qc2 Qd5 17. Be4 d3 18. Bxd5 dxc2 19. Nc3 Be5 20. Be4 Rd2
21. Rc1 Rhd8 22. Kg2 Nf4+ 23. gxf4 Bxf4 24. Rxc2 Rxc2 25. Bxc2 Rd2 26. Bf5+ Kd8
27. Rd1 g6 28. Be4 Kd7 29. Rxd2+ Bxd2 30. Nd5 h5 31. Kf3 f5 32. Bc2 Nd8 33. Nf4
Bxf4 34. Kxf4 Ne6+ 35. Ke5 Ng5 36. h4 Nf3+ 37. Kf6 Nxh4 38. Kg5 Nf3+ 39. Kxg6
a5 40. Bxf5+ Ke8 41. Kxh5 Nd2 42. Bd3 b6 43. cxb6 cxb6 44. bxa5 bxa5 45. Bc3
Nb3 46. Bc4 Nc5 47. Bxa5 Ne4 48. f4 Nd6 49. Bd3 Kf7 50. Bc7 Nc8 51. Bf5 Ne7 52.
Be4 Ke6 53. a4 Ng8 54. Be5 Ne7 55. a5 1-0

[Event "SF Essen-Katernberg  3 - Dortmunder SV "]
[Site "Verbandsliga - Gruppe 2 2018/"]
[Date "2019.05.05"]
[Round "9.8"]
[White "Wolff, Michael"]
[Black "Koehler, Eckart"]
[Result "1/2-1/2"]
[WhiteElo "1751"]
[BlackElo "1860"]
[PlyCount "37"]
[EventDate "2019.??.??"]

1. c4 Nf6 2. Nc3 d5 3. cxd5 Nxd5 4. e4 Nxc3 5. bxc3 g6 6. Bc4 Bg7 7. Rb1 O-O 8.
Ne2 c5 9. O-O Nc6 10. Bd5 e6 11. Bxc6 bxc6 12. d4 Ba6 13. Ba3 Qa5 14. Bxc5 Qxa2
15. Re1 Rfb8 16. Ng3 Rxb1 17. Qxb1 Qxb1 18. Rxb1 Bd3 19. Ra1 1/2-1/2

[Event "SF Werden - SV Bönen"]
[Site "?"]
[Date "2019.05.05"]
[Round "9.1"]
[White "Lenz, Guntram"]
[Black "Kaufeld, Jürgen"]
[Result "0-1"]
[WhiteElo "1853"]
[BlackElo "2190"]
[PlyCount "76"]

1. d4 d5 2. c4 e6 3. Nc3 Nf6 4. cxd5 exd5 5. Bg5 c6 6. e3 Be6 7. Bd3 Nbd7 8.
Nge2 h6 9. Bh4 g5 10. Bg3 Nh5 11. Qc2 Nxg3 12. Nxg3 h5 13. Nf5 h4 14. O-O-O Qa5
15. Rhe1 O-O-O 16. Kb1 Kb8 17. Rc1 Nb6 18. g4 hxg3 19. hxg3 Nc4 20. Bxc4 dxc4
21. g4 Bb4 22. Qe4 Rh2 23. Rf1 Bxc3 24. Rxc3 Qd5 25. Qxd5 cxd5 26. f3 Rdh8 27.
f4 Rg2 28. Rc2 Rxg4 29. fxg5 Rxg5 30. Rcf2 Kc7 31. Rf3 Rh2 32. Ng3 b5 33. Nh1
Rgg2 34. Nf2 b4 35. Kc2 Kd8 36. Kd2 Ke8 37. Ke1 Bd7 38. Kd2 Bb5 0-1

[Event "SF Werden - SV Bönen"]
[Site "?"]
[Date "2019.05.05"]
[Round "9.2"]
[White "Roth, Markus"]
[Black "Fuest, Torsten"]
[Result "1-0"]
[WhiteElo "2175"]
[BlackElo "1871"]
[PlyCount "77"]

1. Nf3 Nf6 2. c4 d6 3. g3 g6 4. d4 Bg7 5. Bg2 O-O 6. Nc3 Nc6 7. O-O a6 8. b3 e5
9. dxe5 dxe5 10. Ba3 Re8 11. Qxd8 Rxd8 12. Rad1 Re8 13. e3 e4 14. Nd2 Bg4 15.
Rc1 Bf5 16. Nd5 Rad8 17. Nxf6+ Bxf6 18. Rfd1 Bg4 19. Nxe4 Rxd1+ 20. Rxd1 Rxe4
21. f3 Rxe3 22. fxg4 Re2 23. Bc5 Rxa2 24. Rd7 Ra1+ 25. Bf1 Ne5 26. Rxc7 Rd1 27.
Rxb7 Nxg4 28. Rb8+ Rd8 29. Rxd8+ Bxd8 30. b4 Ne5 31. Bd6 Nf3+ 32. Kf2 Nd2 33.
Bd3 a5 34. bxa5 Bxa5 35. c5 Bb4 36. Be7 Nb3 37. c6 Bc5+ 38. Bxc5 Nxc5 39. c7
1-0

[Event "SF Werden - SV Bönen"]
[Site "?"]
[Date "2019.05.05"]
[Round "9.3"]
[White "Merz, Martin"]
[Black "ter Steeg, Marcus"]
[Result "0-1"]
[WhiteElo "2014"]
[BlackElo "2035"]
[PlyCount "38"]

1. d4 Nf6 2. Nf3 g6 3. g3 Bg7 4. Bg2 O-O 5. O-O d6 6. Nbd2 Re8 7. e4 e5 8. dxe5
dxe5 9. Qe2 b6 10. Nc4 Ba6 11. a4 Nc6 12. c3 Na5 13. Nfd2 Bh6 14. f4 c5 15.
fxe5 Bxd2 16. Bxd2 Bxc4 17. Qf2 Ng4 18. Qf4 Nb3 19. Qxg4 Qxd2 0-1

[Event "SF Werden - SV Bönen"]
[Site "?"]
[Date "2019.05.05"]
[Round "9.4"]
[White "Berger, Konstantin"]
[Black "Helmert, Jochen"]
[Result "1-0"]
[WhiteElo "2073"]
[BlackElo "1900"]
[PlyCount "43"]

1. e4 d6 2. d4 Nf6 3. Nc3 g6 4. f4 Bg7 5. Nf3 O-O 6. e5 Nfd7 7. h4 c5 8. h5
cxd4 9. Qxd4 dxe5 10. fxe5 Nxe5 11. Qh4 Nxf3+ 12. gxf3 Qd4 13. Ne4 Bf5 14. c3
Qb6 15. Bh3 Qe6 16. hxg6 Qxg6 17. Bxf5 Qxf5 18. Rg1 Kh8 19. Rxg7 Kxg7 20. Bh6+
Kg8 21. O-O-O Qg6 22. Qh2 1-0

[Event "SF Werden - SV Bönen"]
[Site "?"]
[Date "2019.05.05"]
[Round "9.5"]
[White "Schötz, Hans-Joachim"]
[Black "Claussen, Uwe"]
[Result "0-1"]
[WhiteElo "1883"]
[BlackElo "2012"]
[PlyCount "67"]

1. e4 b6 2. d4 Bb7 3. f3 e6 4. Be3 d5 5. exd5 Qxd5 6. Bd3 Nf6 7. Ne2 Qd7 8.
Nbc3 Be7 9. Qd2 Nc6 10. a3 a6 11. Ne4 e5 12. b4 exd4 13. Nxd4 Ne5 14. Nxf6+
Bxf6 15. Be2 O-O 16. Rd1 Rad8 17. O-O Rfe8 18. Bg5 Qxd4+ 19. Qxd4 Rxd4 20. Rxd4
Nxf3+ 21. Bxf3 Bxd4+ 22. Kh1 Bxf3 23. gxf3 f6 24. Bf4 Be5 25. Bxe5 Rxe5 26. Rd1
Kf7 27. Kg1 Ke6 28. Kf2 Rd5 29. Re1+ Kd6 30. Re2 c5 31. c4 Rd4 32. Rc2 Rd3 33.
bxc5+ Kxc5 34. a4 0-1

[Event "SF Werden - SV Bönen"]
[Site "?"]
[Date "2019.05.05"]
[Round "9.6"]
[White "Hütte, Stefan"]
[Black "Mönkemeyer, Maik"]
[Result "1-0"]
[WhiteElo "1997"]
[BlackElo "1739"]
[PlyCount "113"]

1. d4 d5 2. Bg5 c6 3. Nf3 Bf5 4. e3 Qb6 5. Qc1 e6 6. Nbd2 Be7 7. Bf4 Nd7 8. c4
Ngf6 9. c5 Qa5 10. a3 Nh5 11. b4 Qd8 12. Qc3 g5 13. Bg3 f6 14. Bd3 Bg6 15. Qc2
Kf7 16. O-O Nxg3 17. fxg3 Kg7 18. Rf2 Bxd3 19. Qxd3 Qc7 20. Raf1 Raf8 21. e4 h5
22. Qe3 Bd8 23. exd5 exd5 24. Qe6 Nb8 25. Nb3 g4 26. Nh4 Qd7 27. Nf5+ Kh7 28.
Qe3 Kg8 29. Nh4 Kg7 30. Qd3 Qf7 31. Nf5+ Kg8 32. Qd2 Qg6 33. Na5 Rh7 34. Qd3
Kh8 35. Re2 b6 36. Nb3 Re7 37. Rxe7 Bxe7 38. Qe3 Bd8 39. Qf4 Na6 40. Re1 Bc7
41. Ne7 Qh7 42. Qe3 h4 43. gxh4 Rf7 44. g3 Nb8 45. Nxc6 Nxc6 46. Qe8+ Kg7 47.
Qxc6 Qd3 48. Qxd5 Bxg3 49. Qe4 Bxh2+ 50. Kxh2 Qh3+ 51. Kg1 Qxb3 52. Qxg4+ Kf8
53. Kh2 f5 54. Qe2 f4 55. Qe8+ Kg7 56. Rg1+ Kh7 57. Qg8+ 1-0

[Event "SF Werden - SV Bönen"]
[Site "?"]
[Date "2019.05.05"]
[Round "9.7"]
[White "Wegner, Stephan"]
[Black "Rehfeldt, Jens"]
[Result "1-0"]
[WhiteElo "1700"]
[BlackElo "1932"]
[PlyCount "97"]

1. e4 e6 2. d4 d5 3. e5 c5 4. c3 Qb6 5. Nf3 Bd7 6. Be2 Bb5 7. O-O Bxe2 8. Qxe2
Nc6 9. Be3 cxd4 10. cxd4 Nge7 11. Nc3 Nf5 12. Rfd1 Be7 13. a3 O-O 14. b4 Rac8
15. Rac1 Qd8 16. Qd2 Nxe3 17. fxe3 a5 18. Na2 Qd7 19. b5 Na7 20. a4 b6 21. Rxc8
Rxc8 22. Rc1 Ba3 23. Rc3 Bf8 24. Qd3 Rc7 25. Qc2 Rxc3 26. Qxc3 Qc8 27. Kf2 Qxc3
28. Nxc3 Nc8 29. Ke2 Bb4 30. Kd3 f6 31. Na2 Ba3 32. e4 dxe4+ 33. Kxe4 f5+ 34.
Kd3 h6 35. h4 Ne7 36. Nc3 Bb4 37. Na2 Ba3 38. Nc3 Bb2 39. g3 Kf7 40. Ne2 Nd5
41. Nf4 Nxf4+ 42. gxf4 Bc1 43. Nd2 Bxd2 44. Kxd2 g5 45. fxg5 hxg5 46. h5 f4 47.
h6 Kg6 48. d5 exd5 49. e6 1-0

[Event "SF Werden - SV Bönen"]
[Site "?"]
[Date "2019.05.05"]
[Round "9.8"]
[White "Gockel, Mirco"]
[Black "Schütz, Ralf"]
[Result "1-0"]
[WhiteElo "1921"]
[BlackElo "1786"]
[PlyCount "85"]

1. c4 e5 2. g3 Nf6 3. Bg2 Bc5 4. Nc3 O-O 5. e3 Re8 6. Nge2 Nc6 7. O-O Bf8 8. d3
d6 9. h3 Be6 10. Nd5 Qd7 11. Kh2 Ne7 12. e4 Kh8 13. f4 Bxd5 14. cxd5 c6 15.
fxe5 dxe5 16. Bg5 cxd5 17. Bxf6 gxf6 18. Rxf6 Bg7 19. Rxf7 Rf8 20. Rxf8+ Rxf8
21. Nc3 dxe4 22. dxe4 Rd8 23. Qb3 Nc6 24. Qa4 Nd4 25. Qxa7 Qc7 26. Qa4 Qc5 27.
Rf1 b5 28. Qa5 Rf8 29. Rxf8+ Bxf8 30. Qd8 b4 31. Nd5 Ne2 32. Qb6 Qxb6 33. Nxb6
Bc5 34. Nd5 Nc1 35. Bf1 Nxa2 36. Bc4 Nc1 37. b3 Na2 38. Kg2 Nc3 39. Kf3 Nd1 40.
Kg4 Nb2 41. Be2 Na4 42. bxa4 b3 43. Kf5 1-0

[Event "SV Hamm 1 - SG Gladbeck 1"]
[Site "Verbandsliga - Gruppe 2 2018/"]
[Date "2019.05.05"]
[Round "9.1"]
[White "Mancic, Ivan"]
[Black "Voss, Hubertus"]
[Result "1/2-1/2"]
[WhiteElo "2147"]
[BlackElo "2097"]
[Annotator "Daniel"]
[PlyCount "105"]
[EventDate "2019.??.??"]

1. d4 Nf6 2. c4 e6 3. g3 d5 4. Nf3 c6 5. Bg2 Bb4+ 6. Bd2 Bxd2+ 7. Nbxd2 O-O 8.
Qc2 Nbd7 9. O-O Re8 10. e4 dxe4 11. Nxe4 Qc7 12. Rad1 c5 13. Nxc5 Nxc5 14. dxc5
Qxc5 15. Rfe1 Bd7 16. Ne5 Qc7 17. Nxd7 Nxd7 18. b4 Rad8 19. c5 Nf6 20. a4 Re7
21. b5 Red7 22. c6 b6 23. Rxd7 Nxd7 24. Rd1 Nc5 25. Rxd8+ Qxd8 26. a5 g6 27.
axb6 axb6 28. Qc3 h5 29. Qe5 f6 30. Qf4 Kg7 31. c7 Qd1+ 32. Bf1 Qd7 33. c8=Q
Qxc8 34. Qd6 Qb7 35. Bg2 Qa7 $11 36. h4 e5 37. Bc6 e4 38. Qd8 Ne6 39. Qd6 Nc5
40. Qd8 Ne6 41. Qc8 Qa1+ 42. Kg2 Qe5 43. Qd7+ Kh6 44. Qe8 Kg7 45. Qd7+ Kh6 46.
Bd5 Nf8 47. Qf7 Nh7 48. Qb7 f5 49. Bg8 Nf6 50. Qf7 Nxg8 51. Qxg8 Qd4 52. Qf8+
Kh7 53. Qf7+ 1/2-1/2

[Event "SV Hamm 1 - SG Gladbeck 1"]
[Site "Verbandsliga - Gruppe 2 2018/"]
[Date "2019.05.05"]
[Round "9.2"]
[White "Schlaap, Ralf"]
[Black "Frohne, Gerd"]
[Result "1/2-1/2"]
[WhiteElo "2070"]
[BlackElo "2040"]
[PlyCount "26"]
[EventDate "2019.??.??"]

1. c4 e6 2. Nf3 d5 3. cxd5 exd5 4. d4 Nf6 5. Nc3 a6 6. Bg5 Be6 7. e3 Nbd7 8.
Be2 Bd6 9. O-O O-O 10. Rc1 b5 11. Qc2 Qb8 12. Rfd1 h6 13. Bh4 Rc8 1/2-1/2

[Event "SV Hamm 1 - SG Gladbeck 1"]
[Site "Verbandsliga - Gruppe 2 2018/"]
[Date "2019.05.05"]
[Round "9.3"]
[White "Berg, Dietmar"]
[Black "Dukic, Dalibor"]
[Result "1/2-1/2"]
[WhiteElo "1949"]
[BlackElo "2006"]
[PlyCount "26"]
[EventDate "2019.??.??"]

1. d4 Nf6 2. Nf3 g6 3. Bg5 Bg7 4. Nbd2 h6 5. Bh4 d6 6. e3 Nbd7 7. Be2 c5 8. c3
O-O 9. O-O b6 10. Qb3 Bb7 11. Rfd1 Qc7 12. h3 Rab8 13. Rac1 b5 1/2-1/2

[Event "SV Hamm 1 - SG Gladbeck 1"]
[Site "Verbandsliga - Gruppe 2 2018/"]
[Date "2019.05.05"]
[Round "9.4"]
[White "Hufelschulte, Norbert"]
[Black "Rickert, Stefan"]
[Result "1/2-1/2"]
[WhiteElo "2005"]
[BlackElo "1932"]
[PlyCount "29"]
[EventDate "2019.??.??"]

1. d4 d5 2. c4 dxc4 3. Nf3 c5 4. e3 e6 5. Bxc4 Nf6 6. O-O Nc6 7. a3 a6 8. dxc5
Qxd1 9. Rxd1 Bxc5 10. b4 Be7 11. Bb2 b5 12. Be2 Bb7 13. Nbd2 O-O 14. Rac1 Rfd8
15. Nb3 1/2-1/2

[Event "SV Hamm 1 - SG Gladbeck 1"]
[Site "Verbandsliga - Gruppe 2 2018/"]
[Date "2019.05.05"]
[Round "9.5"]
[White "Kucheyda, Joerg"]
[Black "Brieger, Sebastian"]
[Result "1/2-1/2"]
[WhiteElo "1910"]
[BlackElo "1722"]
[PlyCount "63"]
[EventDate "2019.??.??"]

1. d4 d5 2. Bf4 Nf6 3. c3 Bf5 4. e3 e6 5. Qb3 Qc8 6. Nd2 Nbd7 7. Ngf3 Be7 8.
Be2 O-O 9. Ne5 Nxe5 10. dxe5 Ne4 11. Nxe4 Bxe4 12. f3 Bg6 13. h4 f6 14. h5 Bf7
15. h6 g6 16. O-O-O c5 17. Qc2 Qc6 18. Kb1 Rfd8 19. e4 Qc7 20. exf6 Qxf4 21.
fxe7 Rd7 22. e8=Q+ Bxe8 23. Bb5 Rd6 24. Bxe8 Rxe8 25. Qa4 Ra8 26. Qb5 b6 27.
exd5 exd5 28. Rhe1 Qxh6 29. Re7 Qg5 30. Qe2 a5 31. Re1 Rf8 32. Qa6 1/2-1/2

[Event "SV Hamm 1 - SG Gladbeck 1"]
[Site "Verbandsliga - Gruppe 2 2018/"]
[Date "2019.05.05"]
[Round "9.6"]
[White "Bachmann, Rolf"]
[Black "Wenzel, Martin"]
[Result "1-0"]
[WhiteElo "1811"]
[BlackElo "1906"]
[PlyCount "81"]
[EventDate "2019.??.??"]

1. c4 f5 2. d4 Nf6 3. Nc3 g6 4. Nf3 Bg7 5. e3 d6 6. Bd3 Nbd7 7. O-O e5 8. dxe5
dxe5 9. Bc2 O-O 10. Qe2 c6 11. Rd1 Qe7 12. Rb1 a6 13. b4 Kh8 14. a3 b6 15. Bb2
Bb7 16. Rd2 e4 17. Ne1 Rfd8 18. Rbd1 Ne5 19. Na4 Rxd2 20. Rxd2 b5 21. Nb6 Re8
22. Bb3 Qc7 23. c5 Nfg4 24. g3 Rd8 25. Kg2 g5 26. h3 f4 27. Rxd8+ Qxd8 28. exf4
gxf4 29. gxf4 Nd3 30. Bxg7+ Kxg7 31. Qxg4+ Kh8 32. Kf1 Qe8 33. Nc2 Qf8 34. f5
Bc8 35. Nxc8 Qxc8 36. f6 Qxg4 37. hxg4 Ne5 38. Ne3 Nf3 39. Kg2 Nd4 40. Ba2 h6
41. Nf5 1-0

[Event "SV Hamm 1 - SG Gladbeck 1"]
[Site "Verbandsliga - Gruppe 2 2018/"]
[Date "2019.05.05"]
[Round "9.7"]
[White "Winzbeck, Frank"]
[Black "Sewarte, Jochen"]
[Result "1/2-1/2"]
[WhiteElo "1886"]
[BlackElo "1656"]
[PlyCount "30"]
[EventDate "2019.??.??"]

1. d4 d5 2. c4 e6 3. Nf3 Nf6 4. Bg5 Be7 5. e3 O-O 6. Nc3 b6 7. Bd3 dxc4 8. Bxc4
Bb7 9. O-O Nbd7 10. a4 c5 11. a5 bxa5 12. d5 Nb6 13. Be2 Nbxd5 14. Qa4 Qb6 15.
Qxa5 Qxb2 1/2-1/2

[Event "SF Buer 1 - Bochumer SV 2"]
[Site "Verbandsliga - Gruppe 2 2018/"]
[Date "2019.05.05"]
[Round "9.1"]
[White "Kraemer, Matthias"]
[Black "Renk, Christoph"]
[Result "1-0"]
[WhiteElo "2189"]
[BlackElo "1919"]
[PlyCount "41"]
[EventDate "2019.??.??"]

1. e4 e5 2. Nf3 Nf6 3. Nxe5 d6 4. Nf3 Nxe4 5. Nc3 Nxc3 6. dxc3 Be7 7. Be3 Nd7
8. Qd2 c6 9. c4 Ne5 10. Be2 Be6 11. b3 Nxf3+ 12. Bxf3 d5 13. Rd1 O-O 14. cxd5
Bxd5 15. Bxd5 cxd5 16. O-O Rc8 17. Qxd5 Qxd5 18. Rxd5 Rxc2 19. Rd7 Bc5 20. Rc7
b6 21. b4 1-0

[Event "SF Buer 1 - Bochumer SV 2"]
[Site "Verbandsliga - Gruppe 2 2018/"]
[Date "2019.05.05"]
[Round "9.2"]
[White "Schorra, Helmut"]
[Black "Spiess, Timo-Christian"]
[Result "1/2-1/2"]
[WhiteElo "2058"]
[BlackElo "2087"]
[PlyCount "32"]
[EventDate "2019.??.??"]

1. e4 g6 2. d4 Bg7 3. Nf3 d6 4. h3 Nf6 5. Bd3 O-O 6. O-O Nc6 7. c3 e5 8. d5 Ne7
9. Be3 h6 10. Qd2 Kh7 11. c4 Nh5 12. Nc3 f5 13. exf5 gxf5 14. Nh2 Ng6 15. g3 e4
16. Be2 Nf6 1/2-1/2

[Event "SF Buer 1 - Bochumer SV 2"]
[Site "Verbandsliga - Gruppe 2 2018/"]
[Date "2019.05.05"]
[Round "9.3"]
[White "Niekrens, Stefan"]
[Black "Wilbert, Siegfried"]
[Result "0-1"]
[WhiteElo "2010"]
[BlackElo "1977"]
[PlyCount "90"]
[EventDate "2019.??.??"]

1. e4 c5 2. Nf3 a6 3. a4 Nc6 4. g3 g6 5. Bg2 Bg7 6. c3 d5 7. exd5 Qxd5 8. O-O
Bg4 9. h3 Bd7 10. d4 cxd4 11. Nxd4 Qa5 12. Nb3 Qc7 13. Nc5 Rd8 14. Nxd7 Rxd7
15. Qe2 e5 16. Na3 Nge7 17. Nc4 O-O 18. Be3 Nd5 19. Bc5 Re8 20. Rfd1 e4 21. Bd6
Rxd6 22. Nxd6 Qxd6 23. c4 Nd4 24. Rxd4 Bxd4 25. Rd1 Nb4 26. Bxe4 Qc5 27. Qf3
Nc6 28. Kg2 f5 29. Bd5+ Kg7 30. Qd3 Bxb2 31. Rb1 Bf6 32. Rxb7+ Re7 33. Qb1 Rxb7
34. Qxb7+ Ne7 35. Qd7 h5 36. Qe6 Nxd5 37. cxd5 a5 38. Qd7+ Be7 39. Kf3 Qa3+ 40.
Ke2 Qb2+ 41. Kd3 Qe5 42. Kc4 Qe2+ 43. Kc3 Kh6 44. Kd4 Qxf2+ 45. Ke5 Qe3# 0-1

[Event "SF Buer 1 - Bochumer SV 2"]
[Site "Verbandsliga - Gruppe 2 2018/"]
[Date "2019.05.05"]
[Round "9.4"]
[White "Andersen, Knut"]
[Black "Hinkmann, Jens"]
[Result "1/2-1/2"]
[WhiteElo "1915"]
[BlackElo "2030"]
[PlyCount "41"]
[EventDate "2019.??.??"]

1. d4 d5 2. c4 Nc6 3. Nf3 Bg4 4. e3 e5 5. cxd5 Qxd5 6. Nc3 Bb4 7. Be2 exd4 8.
O-O Qd7 9. Nxd4 Bxe2 10. Ncxe2 Nxd4 11. Nxd4 Nf6 12. Qf3 Qd5 13. Qxd5 Nxd5 14.
e4 Nf6 15. f3 O-O-O 16. Be3 Bc5 17. Rfd1 Rd7 18. Nf5 Bxe3+ 19. Nxe3 Rhd8 20.
Rxd7 Rxd7 21. Rd1 1/2-1/2

[Event "SF Buer 1 - Bochumer SV 2"]
[Site "Verbandsliga - Gruppe 2 2018/"]
[Date "2019.05.05"]
[Round "9.5"]
[White "Goralski, Christian"]
[Black "Seppelfricke, Guido"]
[Result "1-0"]
[WhiteElo "1940"]
[BlackElo "1878"]
[PlyCount "43"]
[EventDate "2019.??.??"]

1. e4 c5 2. c3 d5 3. exd5 Qxd5 4. d4 cxd4 5. cxd4 Nc6 6. Nf3 Nf6 7. Nc3 Qa5 8.
d5 Nb4 9. Ne5 a6 10. Nc4 Qc7 11. a3 e6 12. axb4 Bxb4 13. Qa4+ b5 14. Qxb4 bxc4
15. Qxc4 Qxc4 16. Bxc4 exd5 17. Nxd5 Nxd5 18. Bxd5 Rb8 19. Bc6+ Bd7 20. Bf4
Rxb2 21. Bxd7+ Kxd7 22. O-O-O+ 1-0

[Event "SF Buer 1 - Bochumer SV 2"]
[Site "Verbandsliga - Gruppe 2 2018/"]
[Date "2019.05.05"]
[Round "9.6"]
[White "Kreitling, Oliver"]
[Black "Floeren, Philipp"]
[Result "1-0"]
[WhiteElo "1840"]
[BlackElo "1859"]
[PlyCount "95"]
[EventDate "2019.??.??"]

1. d4 d6 2. Nf3 g6 3. c4 Nf6 4. Nc3 Bg7 5. e4 O-O 6. g3 c5 7. d5 Bg4 8. Bg2
Nbd7 9. Qb3 Qb6 10. h3 Bxf3 11. Bxf3 Ne5 12. Be2 Qb4 13. f4 Ned7 14. Bd2 a5 15.
Qc2 Qb6 16. O-O-O Ne8 17. Na4 Qa6 18. Bc3 Nc7 19. Bxg7 Kxg7 20. Nc3 a4 21. a3
Nb6 22. Qd3 Nd7 23. h4 f6 24. h5 g5 25. h6+ Kh8 26. Qf3 Rg8 27. Qh5 Nb6 28. e5
Raf8 29. exd6 exd6 30. Ne4 Nxc4 31. fxg5 Qb5 32. Rd2 Nxd2 33. Bxb5 Nxe4 34. Qf3
Nxg5 35. Qd3 Nf7 36. Bxa4 Rg5 37. Bc2 f5 38. a4 Ne5 39. Qb3 b5 40. axb5 Ra8 41.
Kb1 Rb8 42. b6 Na6 43. Qe3 Rbg8 44. Qa3 Nb4 45. b7 Nd7 46. Rg1 Rb8 47. Qe3 Rgg8
48. Bxf5 1-0

[Event "SF Buer 1 - Bochumer SV 2"]
[Site "Verbandsliga - Gruppe 2 2018/"]
[Date "2019.05.05"]
[Round "9.7"]
[White "Bautz, Volker"]
[Black "Altieri, Dennis"]
[Result "1-0"]
[WhiteElo "1859"]
[BlackElo "1724"]
[PlyCount "65"]
[EventDate "2019.??.??"]

1. d4 Nf6 2. Nc3 d5 3. Bg5 e6 4. e4 dxe4 5. Bxf6 Qxf6 6. Nxe4 Qe7 7. Qd2 g6 8.
Bd3 Bg7 9. c3 Nd7 10. Ne2 O-O 11. h4 c5 12. h5 cxd4 13. hxg6 fxg6 14. Nxd4 Ne5
15. Be2 Bd7 16. f4 Nf7 17. O-O-O Rfd8 18. Qe3 Ba4 19. Nb3 b5 20. Rxd8+ Rxd8 21.
Nbc5 e5 22. b3 exf4 23. Qh3 Bh6 24. Bf3 Bxb3 25. axb3 Ng5 26. Qxh6 Nxe4 27.
Bxe4 Qxc5 28. Qxh7+ Kf8 29. Qh8+ Ke7 30. Qg7+ Ke6 31. Qxg6+ Kd7 32. Qf7+ Kc8
33. Qb7# 1-0